00750cam a2200241 450000100040000000500170000400800410002104000230006205000180008508200100010310000210011324500510013425000460018526000350023130000410026650500070030752000820031452100200039652100200041665000190043665000190045570000340047469020230630085043.0700617s1970 nyua j 000 1 eng  aDLCbengcDLCdDLC00aPZ7.C5792bRu00a[Fic]1 aCleary, Beverly.10aRunaway Ralph /cillustrated by Louis Darling. aFirst Scholastic printing, September 1998 aNew York :bScholastic; c1998 a175 pages :billustrations ;c20 cm. aQ  aRalph runs away looking for freedom but winds up a prisoner at a summer camp. a890 bLexile  aQ bRaz-Plus  aMicevFiction. aMicevFiction.1 aDarling, Louis,eillustrator.